000 00776nam a2200205 a 4500
008 101110s2004 ||||||||||||||||| || u
020 _a0521036747
050 _aQH 541.15.E19 Rod
100 _aRodriguez-Iturbe, Ignacio
245 1 0 _aEcohydrology of water-controlled ecosystems: soil moisture and plant dynamics
260 _aCambridge:
_bCambridge University Press
_c2004
300 _axviii, 442p.: ill.
350 _a0.00
650 _aPLANT--WATER RELATIONSHIPS
650 _aPLANT--SOIL RELATIONSHIPS
650 _aECOHYDROLOGY
650 _aWATER
700 _aPorporato, Amilcare
995 _D0.00
_FCBU-MAIN LIBRARY (Kitwe)
_H1
_I0.00
_M1
_UAVAILABLE
_WNov 23, 2010
_ZMain Library Open Access Collection
999 _c40691
_d40691